Le monde apres le 11 septembre et la guerre en irak / (Record no. 51497)

MARC details
000 -LEADER
campo de control de longitud fija 00501nam a2200181 4500
001 - NÚMERO DE CONTROL
campo de control 16171
005 - FECHA Y HORA DE LA ÚLTIMA TRANSACCIÓN
campo de control 20230410120752.0
008 - DATOS DE LONGITUD FIJA--INFORMACIÓN GENERAL
campo de control de longitud fija 060907n2003 dr spa
020 ## - NÚMERO INTERNACIONAL ESTÁNDAR DEL LIBRO
Número Internacional Estándar del Libro 2856169902
035 ## - NÚMERO DE CONTROL DEL SISTEMA
-- funglode16304
041 ## - CÓDIGO DE IDIOMA
Código de lengua del texto/banda sonora o título independiente FR
050 14 - SIGNATURA TOPOGRÁFICA DE LA BIBLIOTECA DEL CONGRESO
Número de clasificación HV 6432.7 P952m 2003
100 ## - ENTRADA PRINCIPAL--NOMBRE DE PERSONA
Nombre de persona Primakov, Evgueni
245 1# - MENCIÓN DEL TÍTULO
Título Le monde apres le 11 septembre et la guerre en irak /
Mención de responsabilidad, etc. Evgueni Primakov
260 ## - PUBLICACIÓN, DISTRIBUCIÓN, ETC.
Lugar de publicación, distribución, etc. Paris :
Nombre del editor, distribuidor, etc. Presses de la Renaissance,
Fecha de publicación, distribución, etc. 2003
300 ## - DESCRIPCIÓN FÍSICA
Extensión 274 p.
942 ## - ELEMENTOS DE ENTRADA SECUNDARIOS (KOHA)
Fuente del sistema de clasificación o colocación Clasificación de Library of Congress
Tipo de ítem Koha
Holdings
Estatus retirado Estado de pérdida Fuente del sistema de clasificación o colocación Estado de daño No para préstamo Colección Biblioteca de origen Biblioteca actual Ubicación en estantería Fecha de adquisición Serial enumeration / chronology Signatura topográfica completa Código de barras Visto por última vez Tipo de ítem Koha
    Clasificación de Library of Congress     Ciencias Sociales Biblioteca Juan Bosch Biblioteca Juan Bosch Ciencias Sociales (3er. Piso) 24/10/2018 1 HV 6432.7 P952m 2003 00000013512 24/10/2018